000 00548 a2200181 4500
003 OSt
005 20231214141227.0
008 230822b |||||||| |||| 00| 0 eng d
020 _a9789386649225
040 _coclc
082 _a300.723
_bKOT/R
100 _aKothari, C R
_9817
245 _aRESEARCH METHODOLOGY : Methods and techniques /
_cC R Kothari, Gaurav Garg.
250 _a4th ed.
260 _aNew DElhi:
_bNew age international,
_c2019.
300 _a458 p
942 _2ddc
_cBK
_h300.723
_iKOT/R
_k300.723
_mKOT/R
999 _c41956
_d41956